Music Quiz

Random Music Quiz
Score 0/9 Timer 01:00
0 Plays Today
Song Female Singer % Correct
PaparazziLady Gaga
97.3%
TelephoneBeyonce
90.4%
Raise your GlassPink
83.6%
Your Love Is My DrugKesha
76.7%
3Britney Spears
74%
Te AmoRihanna
58.9%
ParachuteCheryl Cole
35.6%
BiologyGirls Aloud
17.8%
Higher ... The Saturdays
13.7%
Remove Ads.
Support Sporcle.
Get the best of Sporcle when you Go Orange. This ad-free experience offers more features, more stats, and more fun while also helping to support Sporcle. Thank you for becoming a member.

You're not logged in!

Compare scores with friends on all Sporcle quizzes.
OR
Log In

Show Comments

Extras

Created Dec 29, 2010ReportNominate
Tags:Female Fronted

Top Quizzes Today


Score Distribution

Your Account Isn't Verified!

In order to create a playlist on Sporcle, you need to verify the email address you used during registration. Go to your Sporcle Settings to finish the process.

Report this User

Report this user for behavior that violates our Community Guidelines.

Details: